| 000 | 00978nam a2200265 i 4500 | ||
|---|---|---|---|
| 001 | 91800 | ||
| 003 | ES-MaACL | ||
| 005 | 20230906180822.0 | ||
| 007 | t| | ||
| 008 | 050215s1993 sp ||||1| spa d | ||
| 020 | _a84-323-0804-8 | ||
| 080 | _a061.22(460)(091) | ||
| 080 | _a013:061.22(460) | ||
| 100 | 1 |
_aAusejo, Elena. _923943 |
|
| 245 | 1 | 0 |
_aPor la ciencia y por la patria _b: la institucionalización científica en España en el primer tercio del siglo XX : La Asociación Española para el Progeso de las Ciencias / _cElena Ausejo. |
| 250 | _a1ª ed. | ||
| 260 |
_aMadrid : _bSiglo XXI de España, _c1993. |
||
| 300 |
_aXII, 271 p. ; _c21 cm. |
||
| 490 | 1 | _aCiencia | |
| 610 | 2 | 7 |
_aAsociación Española para el Progeso de las Ciencias- _vHistoria. _91687 |
| 610 | 2 | 7 |
_aAsociación Española para el Progeso de las Ciencias- _xPublicaciones- _vBibliografías. _91688 |
| 830 | 0 |
_aCiencia _9178487 |
|
| 852 |
_aES-MaACL _jL-28857 _bR.135009 |
||
| 999 |
_c91800 _d91800 |
||